[Event "POL-ch U10"]
[Site "Jastrzebia Gora"]
[Date "2021.??.??"]
[Round "7"]
[White "Gawron, Tobiasz"]
[Black "Golab, Antoni"]
[Result "1-0"]
[WhiteElo "1071"]
[BlackElo "1164"]
[PlyCount "98"]
[EventDate "2021.02.28"]
[EventType "swiss"]
[EventRounds "9"]
[EventCountry "POL"]
[SourceTitle "EXT 2022"]
[Source "ChessBase"]
[SourceDate "2021.10.06"]
[SourceVersion "1"]
[SourceVersionDate "2021.10.06"]
[SourceQuality "1"]

1. e4 c5 2. Nf3 d6 3. Bb5+ Bd7 4. Bxd7+ Qxd7 5. 0-0 g6 6. Re1 Bg7 7. c3 Nc6 8. d4 cxd4 9. cxd4 Rd8 10. Nc3 Nf6 11. Bg5 0-0 12. Qe2 e5 13. d5 Ne7 14. h3 Nh5 15. Rac1 a6 16. Qe3 Rde8 17. Bh6 f5 18. Bxg7 Kxg7 19. Ng5 Kg8 20. Ne6 Rf7 21. a4 Ng7 22. Nb5 Nxe6 23. dxe6 Qxe6 24. Nc7 Qd7 25. Nxe8 Qxe8 26. Qb3 Qd7 27. a5 fxe4 28. Rxe4 Qf5 29. Re2 e4 30. Rf1 d5 31. Qxb7 Nc8 32. Qxa6 Ra7 33. Qb5 Rf7 34. Re3 Nd6 35. Qb8+ Kg7 36. Qxd6 Rd7 37. Qg3 d4 38. Ra3 d3 39. Qg4 Qd5 40. Raa1 Rd6 41. a6 d2 42. a7 Qa8 43. Qf4 Rd8 44. Qc7+ Kh6 45. Qxd8 Qxd8 46. a8Q d1Q 47. Rfxd1 Qxa8 48. Rxa8 Kg7 49. Rd7+ Kh6 1-0

[Event "POL-ch U10"]
[Site "Jastrzebia Gora"]
[Date "2021.??.??"]
[Round "2"]
[White "Golab, Antoni"]
[Black "Radzimski, Antoni"]
[Result "0-1"]
[WhiteElo "1164"]
[BlackElo "1403"]
[PlyCount "60"]
[EventDate "2021.02.28"]
[EventType "swiss"]
[EventRounds "9"]
[EventCountry "POL"]
[SourceTitle "EXT 2022"]
[Source "ChessBase"]
[SourceDate "2021.10.06"]
[SourceVersion "1"]
[SourceVersionDate "2021.10.06"]
[SourceQuality "1"]

1. e4 e5 2. Nf3 Nc6 3. Bc4 Bc5 4. d3 Nf6 5. Bg5 h6 6. Bh4 g5 7. Bg3 d6 8. c3 Bg4 9. Nbd2 a6 10. Qe2 Qd7 11. Nb3 Ba7 12. 0-0-0 0-0-0 13. Bxf7 Qxf7 14. h4 Rhg8 15. hxg5 hxg5 16. Qd2 Bxf3 17. gxf3 Nh5 18. Qe2 Nf4 19. Qf1 Rh8 20. Rg1 a5 21. a3 Qxb3 22. c4 Bd4 23. Rd2 Bxb2+ 24. Rxb2 Nxd3+ 25. Kd2 Nxb2 26. Qe2 Nd4 27. Rc1 Nxf3+ 28. Qxf3 Qxf3 29. a4 Qd3+ 30. Ke1 Rh1# 0-1